000 00749cam a2200217 4500
001 4572670
005 20241022181832.0
008 740308s1973 enk 001 0 eng
020 _a0712109315
050 0 0 _aKD5415
_b.T6 1973
082 0 0 _a336.2/4/0942
100 1 _aToch, Henry.
245 1 0 _aIncome tax/
_bincluding corporation tax and capital gains tax
_cHenry Toch
250 _a6th ed.
260 _aLondon,
_bMacdonald & Evans,
_c1973.
300 _aix, 190 p.
_c19 cm.
_bIllustrustions, Appendix, Index
650 0 _aIncome tax
_xLaw and legislation
_zGreat Britain.
650 0 _aCorporations
_xTaxation
_xLaw and legislation
_zGreat Britain.
650 0 _aCapital gains tax
_xLaw and legislation
_zGreat Britain.
942 _2lcc
_cREF
_eSixth
_n0
999 _c119
_d119